Estimated constuction output (Record no. 118397)
[ view plain ]
| 000 -LEADER | |
|---|---|
| fixed length control field | 00925cam a2200193 4500 |
| 001 - CONTROL NUMBER | |
| control field | WB@3612-53 |
| 008 - FIXED-LENGTH DATA ELEMENTS--GENERAL INFORMATION | |
| fixed length control field | 041202n2004 000 0 eng u |
| 035 ## - SYSTEM CONTROL NUMBER | |
| System control number | (Sirsi) u128182 |
| 245 ## - TITLE STATEMENT | |
| Title | Estimated constuction output |
| 260 ## - PUBLICATION, DISTRIBUTION, ETC. | |
| Date of publication, distribution, etc. | 2004 |
| 490 ## - SERIES STATEMENT | |
| Series statement | DTI Press Release |
| Volume/sequential designation | (P2002/445) 1 December 2004 (2) |
| 520 ## - SUMMARY, ETC. | |
| Summary, etc. | "Review of the early estimates of construction output for GDP in 2003" builds on an interim report published 12 February 2004. It explores why there were revisions to the estimates of construction sector output growth between the first and second quarter of 2003, and what they were, and looks into the scope for improving these early estimates. The report is available at: http://www.dti.gov.uk/construction/stats/review.ht m |
| 590 ## - LOCAL NOTE (RLIN) | |
| Local note | WB |
| 590 ## - LOCAL NOTE (RLIN) | |
| Local note | WB |
| 650 ## - SUBJECT ADDED ENTRY--TOPICAL TERM | |
| Topical term or geographic name entry element | CONSTRUCTION STATISTICS |
| 650 ## - SUBJECT ADDED ENTRY--TOPICAL TERM | |
| Topical term or geographic name entry element | CONSTRUCTION OUTPUT |
| 690 ## - LOCAL SUBJECT ADDED ENTRY--TOPICAL TERM (OCLC, RLIN) | |
| Topical term or geographic name as entry element | BUILDING AND CONSTRUCTION-ECONOMICS |
| 942 ## - ADDED ENTRY ELEMENTS (KOHA) | |
| Suppress in OPAC | 0 |
| Withdrawn status | Lost status | Source of classification or shelving scheme | Damaged status | Not for loan | Home library | Current library | Shelving location | Date acquired | Total Checkouts | Full call number | Barcode | Date last seen | Copy number | Price effective from | Koha item type |
|---|---|---|---|---|---|---|---|---|---|---|---|---|---|---|---|
| Dewey Decimal Classification | London | London | News article | 02/12/2004 | WB4046-01 | 128182-1001 | 06/08/2019 | 1 | 06/08/2019 | News article |